| 000 | 00797nac a22002531u 4500 | ||
|---|---|---|---|
| 008 | 090408t xxu||||| |||| 00| 0 eng d | ||
| 010 | _a 2002117256 | ||
| 020 | _a0618783768 | ||
| 020 | _a9780618783762 | ||
| 035 | _a(DLC) 2002117256 | ||
| 082 | 0 | 0 |
_a512.5 _bLAR |
| 100 |
_aLarson, Ron, _93438 |
||
| 245 | 1 | 0 |
_aElementary linear algebra / _cRon Larson, David C. Flavo. |
| 250 | _a6th ed. | ||
| 260 |
_aBoston : _bHoughton Mifflin Co., _cc2009. |
||
| 300 |
_a1 v. (various pagings) : _bill. ; _c24 cm. |
||
| 500 | _aIncludes index. | ||
| 650 | 0 |
_aAlgebras, Linear. _93439 |
|
| 700 | 1 |
_aFalvo, David C. _93440 |
|
| 942 |
_cBB _k512.5LAR _2ddc _hRDA-MOD |
||
| 999 |
_c11243 _d11243 |
||
| 336 |
_2rdacontent _atext _btxt |
||
| 337 |
_aunmediated _2rdamedia _bn |
||
| 338 |
_avolume _bnc _2rdacarrier |
||